000 00519nam a2200217Ia 4500
001 13320
003 GE_BSU
008 181216s||||||||xx |||||||||||||| ||und||
020 _a0352320052
040 _cGE_BSU
080 _a821.111-32
100 _aKennedy,Adam.
245 _aNo Place to Cry.The Bradshaw trilogy.
245 _bVolume one.
260 _aLondon.
260 _bA star book.
260 _c1986
300 _a628p;18cm.
653 _aNo Place to Cry.The Bradshaw trilogy.Volume one.
942 _cBK
999 _c46481
_d46481